|
|
|
|
| LEADER |
01670cas a2200241 a 4500 |
| 001 |
AALejournalIMF020002 |
| 008 |
230101c9999 xx r poo 0 0eng d |
| 020 |
|
|
|c 5.00 USD
|
| 020 |
|
|
|z 9781498335447
|
| 022 |
|
|
|a 2663-3493
|
| 040 |
|
|
|a BD-DhAAL
|c BD-DhAAL
|
| 110 |
2 |
|
|a International Monetary Fund.
|
| 245 |
1 |
0 |
|a Framework Administered Account for Selected Fund Activities :
|b East Africa Regional Technical Assistance Center (AFRITAC East) Subaccount.
|
| 264 |
|
1 |
|a Washington, D.C. :
|b International Monetary Fund,
|c 2009.
|
| 300 |
|
|
|a 1 online resource (4 pages)
|
| 490 |
1 |
|
|a Policy Papers
|
| 500 |
|
|
|a <strong>Off-Campus Access:</strong> No User ID or Password Required
|
| 500 |
|
|
|a <strong>On-Campus Access:</strong> No User ID or Password Required
|
| 506 |
|
|
|a Electronic access restricted to authorized BRAC University faculty, staff and students
|
| 520 |
3 |
|
|a In March 2009, the Fund established a new Framework Administered Account to administer external financial resources for selected Fund activities (the 'SFA Instrument'). The financing of activities under the terms of the SFA Instrument is implemented through the establishment and operation of a subaccount within the SFA. The subaccount for the East Africa Regional Technical Assistance Center (AFRITAC East) would be the third one under the SFA. This paper requests Executive Board approval to establish the AFRITAC East subaccount under the terms of the SFA Instrument.
|
| 538 |
|
|
|a Mode of access: Internet
|
| 830 |
|
0 |
|a Policy Papers; Policy Paper ;
|v No. 2009/069
|
| 856 |
4 |
0 |
|z Full text available on IMF
|u http://elibrary.imf.org/view/journals/007/2009/069/007.2009.issue-069-en.xml
|z IMF e-Library
|